Undang-undang Am Malaysia. Jilid IV : (hingga 1hb Mac 2011) /

Bibliographic Details
Format: Book
Published: Petaling Jaya: International Law Book Services, 2011.
Subjects:
LEADER 00827cam a2200241 7i4500
001 0000063066
005 20151104090000.0
005 ##20151104185400.0
003 ##MY-KlINT
020 # # |a 9789678921022  
039 # 9 |y 201511041854  |z VLOAD 
090 0 0 |a 342.595 MAL  
245 0 0 |a Undang-undang Am Malaysia. Jilid IV :   |b (hingga 1hb Mac 2011) /   |c disusun oleh Lembaga Penyelidikan Undang-Undang.. 
260 # # |a Petaling Jaya:   |b International Law Book Services,   |c 2011. 
300 # # |a 643ms;   |c 24cm. 
650 # 0 |a Malaysia --   |x Law and legislation  
650 # 0 |a Constitution --   |x Malaysia  
996 |a ikwas2011.out 
997 |a 3000014881  |b IKWS  |c MNF  |d BOK 
997 |a 3000014882  |b IKWS  |c MNF  |d BOK 
997 |a 3000014883  |b IKWS  |c MNF  |d BOK 
998 |a 0000010080 
999 |a 3000014882  |b BOOK  |c Main Non-Fiction  |e INTAN Kampus Wilayah Selatan